[Event "HUN-chT2 Breyer 1819"]
[Site "Hungary"]
[Date "2019.02.10"]
[Round "5.7"]
[White "Emmer, Adam"]
[Black "Balazs, Andras"]
[Result "1-0"]
[WhiteElo "1894"]
[BlackElo "1920"]
[PlyCount "160"]
[EventDate "2018.10.28"]
[EventType "team-tourn"]
[EventRounds "9"]
[EventCountry "HUN"]
[SourceTitle "CBM 189 Extra"]
[Source "ChessBase"]
[SourceDate "2019.06.03"]
[SourceVersion "1"]
[SourceVersionDate "2019.06.03"]
[SourceQuality "1"]
[WhiteTeam "Paty"]
[BlackTeam "Nyergesujfalu"]
[WhiteTeamCountry "HUN"]
[BlackTeamCountry "HUN"]

1. c4 c5 2. Nc3 e6 3. Nf3 a6 4. d4 cxd4 5. Nxd4 Qc7 6. e3 b6 7. Be2 Bb7 8. 0-0 Nf6 9. a3 Be7 10. Bd2 0-0 11. Rc1 d6 12. Bf3 Nbd7 13. Bxb7 Qxb7 14. Qe2 Rac8 15. Nf3 Nc5 16. Nd4 Rfe8 17. Rfd1 Bf8 18. b4 Ncd7 19. Nf3 Qc6 20. Nb1 Qb7 21. Bc3 e5 22. Bb2 Rc7 23. Nfd2 Rec8 24. e4 Be7 25. Qd3 Nf8 26. Nc3 Ne6 27. Ne2 Ng5 28. Ng3 g6 29. h3 Ne6 30. Ne2 Nh5 31. g3 Rd8 32. Nf3 Qc8 33. Kh2 Nf6 34. Nd2 Ng5 35. Ng1 Qa8 36. Re1 Qc8 37. f4 exf4 38. gxf4 Ne6 39. Ne2 Nh5 40. Rf1 Bf8 41. f5 Neg7 42. Nc3 Qb8 43. Nd5 Rb7 44. Nf3 Re8 45. Rg1 Qd8 46. Rg4 b5 47. cxb5 axb5 48. Rc2 Qb8 49. Nd4 Rc8 50. Rcg2 Ne8 51. Rg5 Nhg7 52. h4 Rd8 53. Qh3 Qc8 54. Qf3 Rdd7 55. R5g3 Qd8 56. Rh3 Be7 57. Nc6 Qc8 58. Ncxe7+ Rxe7 59. Bxg7 Red7 60. Bd4 Qc4 61. Qc3 Qxc3 62. Bxc3 Kf8 63. fxg6 fxg6 64. Rf2+ Rf7 65. Rhf3 Rxf3 66. Rxf3+ Kg8 67. Bd4 Rd7 68. Kg3 h6 69. Kg4 Rb7 70. Nf6+ Nxf6+ 71. Rxf6 Kh7 72. Rxd6 Re7 73. e5 Rf7 74. e6 h5+ 75. Kg3 Rf1 76. Be3 Kg7 77. Bg5 Re1 78. Rd7+ Kg8 79. Rd8+ Kg7 80. e7 Rxe7 1-0

[Event "HUN-chT2 Breyer 1718"]
[Site "Hungary"]
[Date "2017.12.17"]
[Round "6.8"]
[White "Balazs, Andras"]
[Black "Emmer, Adam"]
[Result "1-0"]
[WhiteElo "1889"]
[BlackElo "1878"]
[PlyCount "171"]
[EventDate "2017.09.24"]
[EventType "team-tourn"]
[EventRounds "11"]
[EventCountry "HUN"]
[SourceTitle "EXT 2021"]
[Source "ChessBase"]
[SourceDate "2020.10.23"]
[SourceVersion "1"]
[SourceVersionDate "2020.10.23"]
[SourceQuality "1"]
[WhiteTeam "Nyergesujfalu"]
[BlackTeam "Paty"]
[WhiteTeamCountry "HUN"]
[BlackTeamCountry "HUN"]

1. e4 c5 2. Nf3 d6 3. d4 cxd4 4. Nxd4 Nf6 5. Nc3 a6 6. a4 e5 7. Nb3 Be6 8. Be2 Be7 9. Be3 Nbd7 10. 0-0 0-0 11. Kh1 Qc7 12. f3 Rfd8 13. Qe1 d5 14. exd5 Nxd5 15. Nxd5 Bxd5 16. Rc1 Rac8 17. c4 Be6 18. Qf2 Re8 19. Rfd1 f5 20. f4 exf4 21. Bxf4 Qb6 22. Qf3 Nc5 23. Nxc5 Bxc5 24. b3 Rcd8 25. Qg3 Bc8 26. Rxd8 Qxd8 27. Bf3 Qe7 28. Bd5+ Kh8 29. h3 Qf6 30. Qf3 b6 31. Rf1 Qe7 32. Rd1 h6 33. Bc6 Rf8 34. Qd3 Qh4 35. Bg3 Qg5 36. Qf3 Qf6 37. Be1 Rd8 38. Rxd8+ Qxd8 39. b4 Be7 40. Bd5 Qf8 41. Qc3 Bf6 42. Qe3 Qe7 43. Bf2 Qxe3 44. Bxe3 Bd8 45. c5 bxc5 46. Bxc5 g5 47. b5 axb5 48. axb5 Kg7 49. b6 h5 50. b7 Bxb7 51. Bxb7 g4 52. hxg4 hxg4 53. Be3 Bc7 54. Bc8 Kf6 55. Bc5 Kg5 56. Be7+ Kf4 57. Bc5 Kg5 58. Kg1 Bg3 59. Be7+ Kg6 60. Be6 Be5 61. Bh4 Bd4+ 62. Kf1 Be3 63. Ke2 Bc5 64. Bd7 Bb6 65. Be8+ Kh6 66. g3 Bc5 67. Kd3 Bf2 68. Ke2 Bc5 69. Bd7 Kg6 70. Bd8 Bd6 71. Kf2 Bc5+ 72. Kg2 Be3 73. Be8+ Kh6 74. Bc7 Bd4 75. Bf4+ Kg7 76. Kf1 Kf6 77. Ke2 Bb6 78. Kd3 Bf2 79. Bc7 Bc5 80. Bd7 Bf2 81. Kc4 Be3 82. Kd5 Bf2 83. Bf4 Be1 84. Be5+ Kg5 85. Ke6 Bf2 86. Bf4+ 1-0

[Event "HUN-chT2 Breyer 1516"]
[Site "Hungary"]
[Date "2015.09.13"]
[Round "1.7"]
[White "Bak, Tamas"]
[Black "Balazs, Andras"]
[Result "0-1"]
[WhiteElo "1830"]
[BlackElo "1908"]
[PlyCount "64"]
[EventDate "2015.09.13"]
[EventType "team-tourn"]
[EventRounds "11"]
[EventCountry "HUN"]
[SourceTitle "CBM 170 Extra"]
[Source "ChessBase"]
[SourceDate "2016.02.25"]
[SourceVersion "1"]
[SourceVersionDate "2016.02.25"]
[SourceQuality "1"]
[WhiteTeam "Turul"]
[BlackTeam "Nyergesujfalu"]
[WhiteTeamCountry "HUN"]
[BlackTeamCountry "HUN"]

1. e4 c5 2. Nf3 d6 3. Nc3 e6 4. d4 cxd4 5. Nxd4 Nf6 6. Be3 a6 7. Bd3 Qc7 8. 0-0 Be7 9. f4 Nbd7 10. Qf3 0-0 11. Qg3 b6 12. Rae1 Re8 13. e5 dxe5 14. fxe5 Qxe5 15. Qf3 Qc7 16. Ne4 Bb7 17. Nxf6+ Nxf6 18. Qh3 g6 19. Re2 e5 20. Bxg6 hxg6 21. Nf5 Bf8 22. Nh6+ Bxh6 23. Bxh6 Nh5 24. Ref2 Bd5 25. g4 Nf4 26. Qh4 Qc5 27. Bxf4 exf4 28. Qf6 Re4 29. h4 Qe3 30. h5 f3 31. Qd6 Rxg4+ 32. Kh2 Rh4+ 0-1

[Event "HUN-chT2 Breyer 1415"]
[Site "Hungary"]
[Date "2014.09.21"]
[Round "2.8"]
[White "Takacs, Kevin"]
[Black "Balazs, Andras"]
[Result "1-0"]
[WhiteElo "2026"]
[BlackElo "1925"]
[PlyCount "83"]
[EventDate "2014.09.07"]
[EventType "team-tourn"]
[EventRounds "11"]
[EventCountry "HUN"]
[SourceTitle "EXT 2016"]
[Source "ChessBase"]
[SourceDate "2015.10.08"]
[SourceVersion "1"]
[SourceVersionDate "2015.10.08"]
[SourceQuality "1"]
[WhiteTeam "Sarkany DSE"]
[BlackTeam "Nyergesujfalu"]
[WhiteTeamCountry "HUN"]
[BlackTeamCountry "HUN"]

1. d4 d5 2. c4 e6 3. Nc3 Nf6 4. Nf3 Be7 5. e3 Nbd7 6. Bd3 a6 7. 0-0 0-0 8. e4 dxe4 9. Nxe4 b6 10. Re1 Bb7 11. Bf4 Rc8 12. a3 Nxe4 13. Bxe4 Bxe4 14. Rxe4 Nf6 15. Re1 Re8 16. Qa4 a5 17. Rad1 Qd7 18. Qc2 c6 19. Ne5 Qb7 20. Bg5 Nd7 21. Bxe7 Rxe7 22. h3 Qc7 23. b4 axb4 24. axb4 Nf6 25. Ra1 g6 26. Ra6 Qd8 27. Rd1 Rb7 28. Qe2 Kg7 29. Qf3 Qc7 30. Rda1 Ne8 31. Ra8 Nd6 32. Rxc8 Qxc8 33. c5 bxc5 34. dxc5 Nf5 35. Nxc6 Qd7 36. Rd1 Qc7 37. Qc3+ f6 38. Nd8 Qe7 39. Nxb7 Qxb7 40. c6 Qa6 41. c7 Nd6 42. Rxd6 1-0

[Event "HUN-chT2 Breyer 1314"]
[Site "Hungary"]
[Date "2013.11.03"]
[Round "4"]
[White "Nyeki, Bence"]
[Black "Balazs, Andras"]
[Result "1-0"]
[WhiteElo "1928"]
[BlackElo "1975"]
[PlyCount "110"]
[EventDate "2013.09.08"]
[EventType "team-tourn"]
[EventRounds "9"]
[EventCountry "HUN"]
[SourceTitle "EXT 2016"]
[Source "ChessBase"]
[SourceDate "2015.10.08"]
[SourceVersion "1"]
[SourceVersionDate "2015.10.08"]
[SourceQuality "1"]
[WhiteTeam "Gyor Komszomol"]
[BlackTeam "Zoltek"]
[WhiteTeamCountry "HUN"]
[BlackTeamCountry "HUN"]

1. d4 d5 2. c4 e6 3. Nc3 Nf6 4. cxd5 exd5 5. Bg5 Be7 6. e3 c6 7. Bd3 Be6 8. Qc2 Nbd7 9. Nge2 Rc8 10. 0-0 c5 11. f3 c4 12. Bf5 Bxf5 13. Qxf5 g6 14. Qh3 Ng8 15. Bf4 Nb6 16. a4 a5 17. e4 dxe4 18. fxe4 Nf6 19. Bh6 Rg8 20. Qf3 Kd7 21. e5 Qc7 22. Nb5 Qc6 23. exf6 Bb4 24. Qg4+ Qe6 25. Qxe6+ Kxe6 26. Nec3 g5 27. Rae1+ Kd7 28. Re5 Rg6 29. Bg7 Rg8 30. Ra1 h6 31. Ne4 g4 32. Nc5+ Bxc5 33. dxc5 Nc8 34. Rc1 g3 35. h3 h5 36. Rxc4 Kc6 37. Kf1 Rd8 38. Rd4 Rg8 39. Ke2 b6 40. cxb6 Kxb6 41. Nd6 Na7 42. Nc4+ Kc7 43. Nxa5 R6xg7 44. fxg7 Rxg7 45. Re7+ Kb6 46. b4 Rg6 47. Nc4+ Ka6 48. b5+ Nxb5 49. axb5+ Kxb5 50. Rxf7 h4 51. Ne3 Re6 52. Rc4 Kb6 53. Rf1 Kb5 54. Rb1+ Ka5 55. Rc2 Rxe3+ 1-0

[Event "HUN-chT2 Breyer 1314"]
[Site "Hungary"]
[Date "2013.09.08"]
[Round "1"]
[White "Furesz, Jozsef"]
[Black "Balazs, Andras"]
[Result "1-0"]
[WhiteElo "1990"]
[BlackElo "1975"]
[PlyCount "159"]
[EventDate "2013.09.08"]
[EventType "team-tourn"]
[EventRounds "9"]
[EventCountry "HUN"]
[SourceTitle "EXT 2016"]
[Source "ChessBase"]
[SourceDate "2015.10.08"]
[SourceVersion "1"]
[SourceVersionDate "2015.10.08"]
[SourceQuality "1"]
[WhiteTeam "Tatabanya Turul"]
[BlackTeam "Zoltek"]
[WhiteTeamCountry "HUN"]
[BlackTeamCountry "HUN"]

1. d4 d5 2. Nf3 e6 3. c4 Nf6 4. Nc3 a6 5. e3 Be7 6. Ne5 Nbd7 7. f4 c6 8. c5 Qc7 9. Bd3 Bd8 10. 0-0 Nf8 11. b4 Qe7 12. a4 N6d7 13. Bd2 Nxe5 14. fxe5 Ng6 15. a5 Bd7 16. Qe2 0-0 17. Qh5 Be8 18. Rf3 f5 19. exf6 Rxf6 20. Rxf6 Qxf6 21. Rf1 Qg5 22. Qf3 Bf6 23. Qf2 Qh4 24. g3 Qg4 25. Be2 Qh3 26. e4 Rd8 27. e5 Be7 28. Bd3 Qh5 29. Ne2 h6 30. Qg2 Bg5 31. g4 Qh4 32. Be1 Be3+ 33. Kh1 Qe7 34. Qf3 Bg5 35. Bg3 Bd2 36. Be1 Bxe1 37. Rxe1 Bf7 38. Rf1 Rf8 39. Nf4 Nh4 40. Qf2 g6 41. Qe2 Kg7 42. Qf2 g5 43. Ne2 Bg6 44. Qxf8+ Qxf8 45. Rxf8 Kxf8 46. Bxg6 Nxg6 47. Kg2 Ne7 48. Ng3 Nc8 49. Nh5 Na7 50. Kf3 Nb5 51. Ke3 Nc3 52. Nf6 Na2 53. Kd2 Nxb4 54. Nd7+ Kf7 55. Nb6 Kg6 56. Na4 Na2 57. Nb2 Kf7 58. Nd3 Ke7 59. Kc2 Kd7 60. Kb2 Ke7 61. Kxa2 Kd7 62. Kb2 Ke7 63. Kc2 Kd7 64. Kd2 Ke7 65. Ke3 Kf7 66. Kf3 Ke7 67. Ne1 Kf7 68. Kg3 Kg7 69. Nf3 Kf7 70. h4 Kg6 71. hxg5 hxg5 72. Kh3 Kh6 73. Nxg5 Kxg5 74. Kg3 Kg6 75. Kh4 Kh6 76. g5+ Kg6 77. Kg4 Kg7 78. Kh5 Kh7 79. g6+ Kg7 80. Kg5 1-0

[Event "HUN-chT2 Breyer 1011"]
[Site "Hungary"]
[Date "2011.05.15"]
[Round "11.7"]
[White "Balazs, Andras"]
[Black "Imre, Jozsef"]
[Result "0-1"]
[WhiteElo "1988"]
[BlackElo "2093"]
[PlyCount "88"]
[EventDate "2010.09.12"]
[EventType "team-tourn"]
[EventRounds "11"]
[EventCountry "HUN"]
[SourceTitle "EXT 2012"]
[Source "ChessBase"]
[SourceDate "2011.11.24"]
[SourceVersion "1"]
[SourceVersionDate "2011.11.24"]
[SourceQuality "1"]
[WhiteTeam "Zoltek"]
[BlackTeam "Vizugy"]
[WhiteTeamCountry "HUN"]
[BlackTeamCountry "HUN"]

1. e4 c5 2. Nf3 d6 3. Nc3 e5 4. Be2 Nf6 5. d3 Be7 6. 0-0 0-0 7. Bg5 Be6 8. b3 Nc6 9. Nb1 d5 10. Bxf6 Bxf6 11. Nbd2 d4 12. Kh1 g6 13. Ng1 Qd7 14. Re1 Bg7 15. Nf1 Rae8 16. Ng3 h5 17. Nf3 Qe7 18. Qd2 f6 19. Nh4 Bf7 20. Qd1 f5 21. Nf3 h4 22. Nf1 fxe4 23. dxe4 Bh6 24. N1d2 Kg7 25. h3 Be6 26. Rf1 Rf4 27. Ng1 Ref8 28. Bf3 R4f7 29. Qe2 Bf4 30. Nc4 Rd8 31. Rad1 Qc7 32. Bg4 Qe7 33. a3 b5 34. Bxe6 Qxe6 35. Nb2 a6 36. Qd3 Bh6 37. Nf3 Rdf8 38. Nxh4 Rf4 39. g4 Bg5 40. Qg3 Bxh4 41. Qxh4 Rh8 42. Qg3 Rxg4 43. Qd3 Rgh4 44. f3 Qxh3+ 0-1

[Event "HUN-chT2 Breyer 1011"]
[Site "Hungary"]
[Date "2011.05.01"]
[Round "10.8"]
[White "Balazs, Andras"]
[Black "Szendeff, Miklos"]
[Result "1-0"]
[WhiteElo "2019"]
[BlackElo "1983"]
[PlyCount "77"]
[EventDate "2010.09.12"]
[EventType "team-tourn"]
[EventRounds "11"]
[EventCountry "HUN"]
[SourceTitle "EXT 2012"]
[Source "ChessBase"]
[SourceDate "2011.11.24"]
[SourceVersion "1"]
[SourceVersionDate "2011.11.24"]
[SourceQuality "1"]
[WhiteTeam "Zoltek"]
[BlackTeam "Zsambek"]
[WhiteTeamCountry "HUN"]
[BlackTeamCountry "HUN"]

1. e4 c6 2. d4 d5 3. Nd2 dxe4 4. Nxe4 Bf5 5. Ng3 Bg6 6. Nf3 Nd7 7. Bf4 Ngf6 8. Bc4 Nb6 9. Bb3 Nbd5 10. Bd2 e6 11. Qe2 a5 12. c3 h6 13. Ne5 Bh7 14. 0-0 a4 15. Bd1 Bd6 16. f4 0-0 17. f5 Re8 18. Bc2 Qc7 19. Rae1 c5 20. Bd3 Rad8 21. Bb5 Re7 22. Bxa4 cxd4 23. cxd4 Qb6 24. Bc3 exf5 25. Kh1 f4 26. Nh5 g5 27. Nxf6+ Nxf6 28. Bb3 Bxe5 29. dxe5 Nd5 30. Bxd5 Rxd5 31. Rd1 Qd8 32. Rfe1 Re6 33. Qf3 Rxd1 34. Rxd1 Qb6 35. Rd7 Bg6 36. Rxb7 Qd8 37. Ra7 Re8 38. h3 Qc8 39. Kh2 1-0

[Event "HUN-chT2 Breyer 1011"]
[Site "Hungary"]
[Date "2011.03.27"]
[Round "7.6"]
[White "Kovacs, Istvan"]
[Black "Balazs, Andras"]
[Result "0-1"]
[WhiteElo "2004"]
[BlackElo "2019"]
[PlyCount "130"]
[EventDate "2010.09.12"]
[EventType "team-tourn"]
[EventRounds "11"]
[EventCountry "HUN"]
[SourceTitle "EXT 2012"]
[Source "ChessBase"]
[SourceDate "2011.11.24"]
[SourceVersion "1"]
[SourceVersionDate "2011.11.24"]
[SourceQuality "1"]
[WhiteTeam "Szazhalombatta"]
[BlackTeam "Zoltek"]
[WhiteTeamCountry "HUN"]
[BlackTeamCountry "HUN"]

1. e4 c5 2. Nf3 d6 3. d4 cxd4 4. Nxd4 Nf6 5. Nc3 a6 6. Be2 e6 7. 0-0 Be7 8. Be3 0-0 9. a4 b6 10. Bf3 Nfd7 11. Re1 Bb7 12. b4 Qc7 13. Nce2 Ne5 14. c3 Nbd7 15. Qb3 Nxf3+ 16. gxf3 d5 17. Ng3 Bd6 18. Bd2 Ne5 19. Rad1 Rac8 20. f4 Nc4 21. e5 Nxd2 22. Rxd2 Be7 23. Rd3 Qc4 24. Qxc4 Rxc4 25. f5 Bc8 26. Rf3 Bd7 27. fxe6 fxe6 28. Rxf8+ Bxf8 29. Nge2 Kf7 30. Ra1 g6 31. f4 Be7 32. Kf2 h6 33. Kf3 g5 34. b5 a5 35. h3 gxf4 36. Kxf4 Bg5+ 37. Kg4 Be8 38. h4 Bd2 39. Ra3 Ke7 40. h5 Bf7 41. Kh4 Bg8 42. Kg4 Bh7 43. Kf3 Be4+ 44. Kf2 Kf7 45. Kg3 Be1+ 46. Kf4 Bc2 47. Ke3 Bxa4 48. Kd3 Bd1 49. Ra1 Bxe2+ 50. Nxe2 Bh4 51. Nd4 Ke7 52. Nc6+ Ke8 53. Nd4 Bg3 54. Nc6 Re4 55. Rg1 Bxe5 56. Rg6 Bf4 57. Rg8+ Kf7 58. Rg6 Bg5 59. c4 a4 60. cxd5 exd5 61. Rd6 a3 62. Rxd5 a2 63. Rf5+ Ke6 64. Rf1 Ra4 65. Nd4+ Rxd4+ 0-1

[Event "HUN-chT2 Breyer 0910"]
[Site "Hungary"]
[Date "2009.12.20"]
[Round "4"]
[White "Horvath, Laszlo"]
[Black "Balazs, Andras"]
[Result "1/2-1/2"]
[WhiteElo "2221"]
[BlackElo "2016"]
[PlyCount "72"]
[EventDate "2009.11.08"]
[EventType "team-tourn"]
[EventRounds "11"]
[EventCountry "HUN"]
[SourceTitle "EXT 2011"]
[Source "ChessBase"]
[SourceDate "2010.11.26"]
[SourceVersion "1"]
[SourceVersionDate "2010.11.26"]
[SourceQuality "1"]
[WhiteTeam "Gyor Komszomol"]
[BlackTeam "Zoltek"]
[WhiteTeamCountry "HUN"]
[BlackTeamCountry "HUN"]

1. e4 c5 2. Nf3 d6 3. d4 cxd4 4. Nxd4 Nf6 5. Nc3 a6 6. Be2 Qc7 7. 0-0 e6 8. Be3 Be7 9. f4 Nbd7 10. Bf3 Rb8 11. Kh1 0-0 12. g4 Nb6 13. g5 Ne8 14. f5 Nc4 15. Bc1 Ne5 16. Bg2 b5 17. fxe6 Bxe6 18. Nxe6 fxe6 19. Bf4 Ng6 20. Be3 b4 21. Ne2 Qc4 22. Nd4 Qc8 23. Bh3 Rxf1+ 24. Qxf1 Nf8 25. Qf3 Qd7 26. Rf1 Nc7 27. Qf7+ Kh8 28. g6 Nxg6 29. Nxe6 Nxe6 30. Bxe6 Qe8 31. Qf5 Bf6 32. b3 Qc6 33. Rf2 Rf8 34. Bd5 Qe8 35. Qh3 Be5 36. Qf1 Rxf2 1/2-1/2

[Event "HUN-chT2 Breyer 0910"]
[Site "Hungary"]
[Date "2009.11.22"]
[Round "2"]
[White "Balazs, Andras"]
[Black "Molnar, Jozsef"]
[Result "0-1"]
[WhiteElo "2016"]
[BlackElo "2211"]
[PlyCount "116"]
[EventDate "2009.11.08"]
[EventType "team-tourn"]
[EventRounds "11"]
[EventCountry "HUN"]
[SourceTitle "EXT 2011"]
[Source "ChessBase"]
[SourceDate "2010.11.26"]
[SourceVersion "1"]
[SourceVersionDate "2010.11.26"]
[SourceQuality "1"]
[WhiteTeam "Zoltek"]
[BlackTeam "BEAC II"]
[WhiteTeamCountry "HUN"]
[BlackTeamCountry "HUN"]

1. e4 e6 2. d4 d5 3. Nd2 dxe4 4. Nxe4 Nd7 5. Bd3 Ngf6 6. Bf4 Nb6 7. c3 Nbd5 8. Bd2 Be7 9. Ne2 b6 10. 0-0 0-0 11. N2g3 Bb7 12. Qe2 Rc8 13. Nxf6+ Nxf6 14. Bg5 c5 15. Bxf6 Bxf6 16. dxc5 Rxc5 17. Rad1 Qe7 18. Bc2 g6 19. Rfe1 Ra5 20. Bb1 Bg7 21. Qd3 Qg5 22. Qe3 Qg4 23. Rd7 Bd5 24. b3 e5 25. Rd6 Bb7 26. c4 f5 27. f3 Qh4 28. Qd2 Bh6 29. Qc3 e4 30. Rd7 Bc8 31. Rdd1 Bg7 32. Qd2 exf3 33. gxf3 Bb7 34. Qf2 Qf4 35. Rd3 Re5 36. Rxe5 Qxe5 37. Qe2 Qc5+ 38. Kg2 Qc6 39. Rd5 Re8 40. Qd3 Be5 41. Bc2 Re7 42. b4 a6 43. Bb3 Kg7 44. Rd8 h5 45. Nf1 Kh7 46. Kf2 h4 47. Qd5 Qc7 48. Qd3 Bxh2 49. Rf8 Bg3+ 50. Kg2 Qe5 51. Kh3 Kg7 52. Rd8 g5 53. Qd4 Qxd4 54. Rxd4 Be5 55. Rd8 Bc7 56. Rd4 Bxf3 57. Nd2 g4+ 58. Kxh4 Kg6 0-1

[Event "HUN-chT2 Breyer 0708"]
[Site "Hungary"]
[Date "2008.05.18"]
[Round "11"]
[White "Balazs, Andras"]
[Black "Rummel, Zsolt"]
[Result "0-1"]
[WhiteElo "2053"]
[BlackElo "2160"]
[PlyCount "124"]
[EventDate "2007.10.14"]
[EventType "team"]
[EventRounds "11"]
[EventCountry "HUN"]
[SourceTitle "EXT 2009"]
[Source "ChessBase"]
[SourceDate "2008.11.26"]
[SourceVersion "1"]
[SourceVersionDate "2008.11.26"]
[SourceQuality "1"]
[WhiteTeam "Zoltek"]
[BlackTeam "Zsambek"]
[WhiteTeamCountry "HUN"]
[BlackTeamCountry "HUN"]

1. e4 c5 2. Nf3 e6 3. d4 cxd4 4. Nxd4 Nc6 5. Be3 Nf6 6. Bd3 a6 7. g4 d5 8. Nxc6 bxc6 9. e5 d4 10. Bf4 Nd5 11. Bg3 Bb4+ 12. Kf1 a5 13. h4 Qb6 14. Kg2 a4 15. Qc1 Ba6 16. Be4 a3 17. b3 Bc3 18. Nxc3 Nxc3 19. Bf3 Be2 20. Qg5 Bxf3+ 21. Kxf3 Qd8 22. Qxd8+ Rxd8 23. Rhe1 Ke7 24. Bf4 Rd5 25. Bd2 Nb5 26. Rac1 Rhd8 27. Ke4 c5 28. Kd3 Na7 29. f4 Nc6 30. Re4 h5 31. Rg1 hxg4 32. Rxg4 g6 33. Rg5 Rh8 34. Be1 Kd7 35. Rg4 Kc7 36. Re2 Kb6 37. Kc4 Rh5 38. Reg2 Rhxe5 39. Bd2 Rh5 40. Kd3 Ne7 41. Bc1 Nf5 42. Rh2 Rh8 43. c3 dxc3+ 44. Kxc3 Nd4 45. Rg5 Nf3 46. Rxd5 exd5 47. Rf2 Nxh4 48. Bxa3 Nf5 49. Bc1 Rh1 50. Bb2 Nd6 51. Kc2 Ne4 52. Rg2 Rf1 53. Be5 Kb5 54. a3 Rf3 55. Re2 c4 56. bxc4+ Kxc4 57. Rh2 d4 58. Rg2 Nc5 59. Kb1 d3 60. Rg4 Rf1+ 61. Kb2 Na4+ 62. Ka2 Nc3+ 0-1

[Event "HUN-chT2 Breyer 0506"]
[Site "Hungary"]
[Date "2005.10.30"]
[Round "2"]
[White "Balazs, Andras"]
[Black "Sandor, Jozsef"]
[Result "1/2-1/2"]
[WhiteElo "2077"]
[BlackElo "2175"]
[PlyCount "25"]
[EventDate "2005.10.16"]
[EventType "team"]
[EventRounds "11"]
[EventCountry "HUN"]
[SourceTitle "EXT 2009"]
[Source "ChessBase"]
[SourceDate "2008.11.26"]
[SourceVersion "1"]
[SourceVersionDate "2008.11.26"]
[SourceQuality "1"]
[WhiteTeam "Zoltek"]
[BlackTeam "MAFC"]
[WhiteTeamCountry "HUN"]
[BlackTeamCountry "HUN"]

1. e4 e5 2. Nf3 Nc6 3. Bc4 Bc5 4. c3 Nf6 5. d3 d6 6. b4 Bb6 7. Ng5 0-0 8. Qb3 Qe7 9. a4 a5 10. b5 Nd8 11. 0-0 h6 12. Nf3 Nh7 13. Nbd2 1/2-1/2

[Event "Eger Agria op"]
[Site "Eger"]
[Date "2005.07.31"]
[Round "8"]
[White "Hujbert, Florian"]
[Black "Balazs, Andras"]
[Result "1-0"]
[WhiteElo "2287"]
[BlackElo "2077"]
[PlyCount "65"]
[EventDate "2005.07.18"]
[EventType "swiss"]
[EventRounds "9"]
[EventCountry "HUN"]
[SourceTitle "EXT 2008"]
[Source "ChessBase"]
[SourceDate "2007.11.25"]
[SourceVersion "1"]
[SourceVersionDate "2007.11.25"]
[SourceQuality "1"]

1. e4 c5 2. Nf3 d6 3. d4 cxd4 4. Nxd4 Nf6 5. Nc3 a6 6. Be2 e6 7. 0-0 Be7 8. Be3 0-0 9. f4 Qc7 10. g4 b5 11. g5 Nfd7 12. f5 Ne5 13. f6 Bd8 14. fxg7 Re8 15. Ndxb5 axb5 16. Nxb5 Qd7 17. Nxd6 Re7 18. Bb5 Nbc6 19. Bc5 Ba6 20. a4 Bc7 21. Nxf7 Qxd1 22. Nh6+ Kxg7 23. Raxd1 Ree8 24. b4 Bxb5 25. axb5 Ne7 26. b6 Bb8 27. Rf6 N7c6 28. Rdf1 Ra2 29. R1f2 Nd8 30. Rf8 Rxf8 31. Rxf8 Ra1+ 32. Kg2 Rd1 33. Rg8# 1-0